Care ethics and dependence - Rethinking Jus Post Bellum /

সংরক্ষণ করুন:
গ্রন্থ-পঞ্জীর বিবরন
প্রধান লেখক: Ben-Porath, Sigal.
বিন্যাস: প্রবন্ধ
ভাষা:English
বিষয়গুলি:
ট্যাগগুলো: ট্যাগ যুক্ত করুন
কোনো ট্যাগ নেই, প্রথমজন হিসাবে ট্যাগ করুন!
Thư viện lưu trữ: Thư viện Trường Đại học Đà Lạt
LEADER 00810nam a2200289 4500
001 DLU090069867
005 ##20090514
040 # # |a DLU  |b eng 
041 # # |a eng 
044 # # |a US 
100 # # |a Ben-Porath, Sigal.  
245 # # |a Care ethics and dependence - Rethinking Jus Post Bellum /  |c Sigal Ben-Porath. 
653 # # |a Caring  
653 # # |a Ethical aspects 
653 # # |a Moral aspects 
653 # # |a Postwar reconstruction 
653 # # |a Social aspects 
773 # # |t Hypatia  |g Vol. 23, no. 2 (Spring 2008), p. 61-71  
920 # # |a Phòng Tạp chí -- Trung tâm Thông tin - Thư viện Trường Đại học Đà Lạt 
994 # # |a DLU 
900 # # |a True 
911 # # |a Trương Bảo Trâm Anh 
925 # # |a G 
926 # # |a A 
927 # # |a BB 
980 # # |a Thư viện Trường Đại học Đà Lạt